000 00464cam a22001934a 4500
005 20250605164303.0
008 250528s ||||||||||||||||||||||||d
035 _a22143
020 _a9789608359307
040 _aGR-AtMCL
_bgre
_dGR-AtMCL
_eAACR2
245 1 _aΤΑ 39 ΣΚΑΛΟΠΑΤΙΑ
250 _a1
260 _bΕλευθεροτυπία,
_c2006
300 _a142
700 1 _aBuchan John
_98012
942 _cBK
999 _c7199
_d7199